| 000 | 00794cab a2200265 4500 | ||
|---|---|---|---|
| 001 | ABS58341 | ||
| 008 | 090401t1998 xxu||||| |||| 00| 0 eng d | ||
| 035 | _a(Sirsi) u84488 | ||
| 041 | _aeng | ||
| 100 | _aPepperell, M. | ||
| 245 | _aPlanning reform | ||
| 260 | _c1998 | ||
| 350 | _a0 | ||
| 490 |
_aSolicitors` Journal _v(142) 13 February 1998, 140(1) |
||
| 520 | _aReviews the ministerial policy statement, "Modernising Planning" which outlines the government`s proposals to reform the planning system. | ||
| 650 | _aGOVERNMENT POLICY | ||
| 650 | _aMODERNISING PLANNING | ||
| 650 | _aPLANNING POLICY | ||
| 650 | _aPLANNING PROCEDURE | ||
| 650 | _aPLANNING SYSTEM | ||
| 650 | _aREGIONAL PLANNING | ||
| 690 | _aPLANNING LAW AND PRACTICE | ||
| 942 | _n0 | ||
| 948 | _c25/02/1998 | ||
| 999 |
_c53091 _d53091 |
||